Ekologické polymérne materiály na báze polymérov z obnoviteľných zdrojov pre technické textílie

Saved in:
Bibliographic Details
Main Author: Fogašová, Mária (Author)
Other Authors: Alexy, Pavel (Thesis advisor)
Format: Manuscript Book
Language:Slovak
Published: 2025
Subjects:
Online Access:http://is.stuba.sk/zp/portal_zp.pl?podrobnosti=171801
Tags: Add Tag
No Tags, Be the first to tag this record!

MARC

LEADER 00000ntm a22000003a 4500
001 stuzp86721
003 SK-STU
005 20250823210340.9
007 ta
008 150427s2015----xo-----f-mn---000-0-slo-d
040 |a STU  |b slo 
041 0 |a slo 
100 1 |a Fogašová, Mária  |u 049370  |k Z2  |4 aut  |U FCHPT Ústav prírodných a syntetických polymérov  |T FCHPT Oddelenie plastov, kaučuku a vlákien  |X 88582  |U C9370  |Y 128  |7 88582 
242 0 1 |a Ecological polymer materials based on polymers from renewable sources for technical textile applications  |y eng 
245 1 0 |a Ekologické polymérne materiály na báze polymérov z obnoviteľných zdrojov pre technické textílie 
260 |c 2025 
650 4 |a kyselina polymliečna  |2 slo 
650 4 |a biodegradovateľné polyméry  |2 slo 
650 4 |a polyhydroxybutyrát  |2 slo 
650 4 |a vlákna  |2 slo 
650 4 |a zvlákňovanie  |2 slo 
650 4 |a polylactic acid  |2 eng 
650 4 |a fibers  |2 eng 
650 4 |a biodegradable polymers  |2 eng 
650 4 |a polyhydroxybutyrate  |2 eng 
650 4 |a fiber spinnig  |2 eng 
700 1 |a Alexy, Pavel  |u 049370  |k Z1  |4 ths  |U FCHPT Ústav prírodných a syntetických polymérov  |T FCHPT Oddelenie plastov, kaučuku a vlákien  |X 3899  |U C9370  |Y 128  |7 A000003899 
856 4 |u http://is.stuba.sk/zp/portal_zp.pl?podrobnosti=171801